|
|
|
|
| LEADER |
00000nam0a2200000 4500 |
| 001 |
145572 |
| 005 |
20240130142349.0 |
| 035 |
|
|
|a (RuTPU)RU\TPU\book\157797
|
| 090 |
|
|
|a 145572
|
| 100 |
|
|
|a 20081020d2008 m y0rusy50 ca
|
| 101 |
0 |
|
|a rus
|
| 102 |
|
|
|a RU
|
| 105 |
|
|
|a a j 001zy
|
| 200 |
1 |
|
|a Поверхностные явления и дисперсные системы. Коллоидная химия. Сборник примеров и задач
|e учебное пособие
|f Е. В. Михеева, Н. П. Пикула, С. Н. Карбаинова
|g Томский политехнический университет (ТПУ)
|
| 210 |
|
|
|a Томск
|c Изд-во ТПУ
|d 2008
|
| 215 |
|
|
|a 115 с.
|c ил.
|
| 225 |
1 |
|
|a Учебники Томского политехнического университета
|
| 320 |
|
|
|a Библиогр.: с. 113.
|
| 330 |
|
|
|a В сборник вошло более 300 задач по основным разделам дисциплин «Поверхностные явления и дисперсные системы» и «Коллоидная химия». Каждый раздел включает в себя краткую теоретическую часть, примеры решения типовых задач и задачи для самостоятельного решения. Наличие большого числа задач по каждой теме позволит преподавателям организовать самостоятельную аудиторную и внеаудиторную работу студентов. Сборник задач подготовлен на кафедре физической и аналитической химии, соответствует программам дисциплин «Поверхностные явления и дисперсные системы» и «Коллоидная химия».
|
| 452 |
|
1 |
|0 (RuTPU)RU\TPU\book\257047
|t Поверхностные явления и дисперсные системы. Коллоидная химия. Сборник примеров и задач
|o учебное пособие
|f Е. В. Михеева, Н. П. Пикула, С. Н. Карбаинова
|g Томский политехнический университет (ТПУ)
|c Томск
|n Изд-во ТПУ
|d 2008
|a Михеева, Елена Валентиновна
|
| 610 |
1 |
|
|a коллоидная химия
|
| 610 |
1 |
|
|a поверхностные явления
|
| 610 |
1 |
|
|a дисперсные системы
|
| 610 |
1 |
|
|a примеры
|
| 610 |
1 |
|
|a задачи
|
| 610 |
1 |
|
|a дисперсность
|
| 610 |
1 |
|
|a межмолекулярные взаимодействия
|
| 610 |
1 |
|
|a поверхностное натяжение
|
| 610 |
1 |
|
|a адсорбция
|
| 610 |
1 |
|
|a электрокинетические явления
|
| 610 |
1 |
|
|a коллоидные мицеллы
|
| 610 |
1 |
|
|a коагуляция
|
| 610 |
1 |
|
|a учебные пособия
|
| 675 |
|
|
|a 544.7(076)
|v 3
|
| 700 |
|
1 |
|a Михеева
|b Е. В.
|c химик
|c доцент Томского политехнического университета, кандидат химических наук
|f 1973-
|g Елена Валентиновна
|3 (RuTPU)RU\TPU\pers\27493
|9 12747
|
| 701 |
|
1 |
|a Пикула
|b Н. П.
|c химик
|c доцент Томского политехнического университета, кандидат химических наук
|f 1949-
|g Нина Павловна
|3 (RuTPU)RU\TPU\pers\25622
|9 11551
|
| 701 |
|
1 |
|a Карбаинова
|b С. Н.
|c химик
|c доцент Томского политехнического университета
|g Светлана Никитична
|3 (RuTPU)RU\TPU\pers\27754
|
| 712 |
0 |
2 |
|a Томский политехнический университет (ТПУ)
|c (1991- )
|3 (RuTPU)RU\TPU\col\376
|
| 801 |
|
1 |
|a RU
|b 63413507
|c 20081020
|g PSBO
|
| 801 |
|
2 |
|a RU
|b 63413507
|c 20180713
|g PSBO
|
| 942 |
|
|
|c BK
|